| 000 | 00564nam a2200205Ia 4500 | ||
|---|---|---|---|
| 003 | OSt | ||
| 005 | 20250210115857.0 | ||
| 008 | 231217s9999 xx 000 0 und d | ||
| 020 | _a8190082876 | ||
| 040 | _c0 | ||
| 041 | _aEnglish | ||
| 082 | _a001.6404 GAO;94 | ||
| 100 | _aGaonkar, Ramesh S. | ||
| 245 | 0 | _aMicroprocessor architecture, programming and applications with the 8085 | |
| 250 | _a4th ed. | ||
| 260 |
_c2000 _bPenram International _aMumbai |
||
| 300 | _ax, 788 | ||
| 650 | _aMicroprocessor,architecture,,programming,8085 | ||
| 942 |
_cAA _2ddc |
||
| 999 |
_c196234 _d196234 |
||